00479nam a2200193 a 4500001001300000003000900013005001700022008004100039020001000080082001700090100001400107245002600121260004500147300000800192500003500200505001000235650002600245700001400271nice12345678IN_TiNIC20260116011638.0050524s1946 lona grp 000 0 eng  ac10000a232.955bAND aAndrew, F aSeven Sign of Christ. aLondonbA. R. Mowbray & Co Limitedc1946 a94p aincludes index and biblioraphy2 aIndex aJesus Christ-Miracles1 aAndrew, F